Statistiques concernant 60 pays manquants sur une carte

Cliquez ici pour prendre le quiz!

Statistiques générales

  • Ce quiz a été pris 1 151 fois
  • Le résultat moyen est 37 sur 60

Réponses sur la Carte

Les réponses sont colorées sur une échelle allant du rouge au vert en fonction du pourcentage des utilisateurs qui les ont devinées à leur premier essai. Vous pouvez retrouver ces pourcentages ci-dessous.
 

Statistiques - réponses

Pays% Correct
Canada
100%
Brésil
99%
États-Unis
99%
Mexique
99%
France
98%
Chine
97%
Algérie
96%
Allemagne
96%
Argentine
96%
Espagne
95%
Mongolie
95%
Russie
95%
Italie
92%
Ukraine
92%
Autriche
91%
Égypte
91%
Pologne
91%
République Démocratique du Congo
90%
Afrique du Sud
89%
Bolivie
89%
Kazakhstan
89%
Colombie
88%
Soudan
88%
Venezuela
87%
Australie
86%
Suisse
86%
République Tchèque
85%
Inde
84%
Libye
84%
Panama
84%
Chili
83%
Niger
83%
Pérou
83%
Paraguay
82%
République du Congo
82%
Suède
82%
Biélorussie
80%
Mauritanie
80%
Kenya
79%
Pakistan
79%
Portugal
79%
Sénégal
79%
Arabie Saoudite
78%
Maroc
78%
Turquie
78%
Iran
77%
Royaume-Uni
77%
Slovaquie
77%
Hongrie
76%
Mali
76%
Namibie
76%
Bénin
75%
Nicaragua
75%
Angola
74%
Cameroun
74%
Équateur
74%
Éthiopie
74%
Roumanie
74%
Tchad
74%
Costa Rica
73%
Indonésie
73%
Népal
73%
Guatemala
72%
Japon
72%
Nigeria
72%
Croatie
71%
Botswana
70%
Irak
70%
Norvège
70%
Tanzanie
70%
Afghanistan
69%
Côte d'Ivoire
69%
Finlande
69%
Guyana
69%
République Centrafricaine
69%
Belgique
68%
Grèce
68%
Mozambique
68%
Lituanie
67%
Thaïlande
67%
Togo
67%
Tunisie
67%
Ouganda
66%
Zambie
66%
Zimbabwe
66%
Ghana
65%
Guinée
65%
Serbie
65%
Birmanie
64%
Burkina Faso
64%
Uruguay
64%
Corée du Nord
63%
Gabon
63%
Moldavie
63%
Soudan du Sud
62%
Liberia
61%
Ouzbékistan
61%
Pays-Bas
61%
Slovénie
61%
Danemark
60%
Oman
60%
Suriname
60%
Corée du Sud
59%
Laos
59%
Yémen
59%
Cuba
58%
Islande
58%
Bulgarie
57%
Honduras
57%
Lettonie
57%
Madagascar
57%
Guinée-Bissau
56%
Philippines
56%
Turkménistan
56%
Érythrée
55%
Kirghizistan
55%
Malawi
55%
Bosnie-Herzégovine
54%
Irlande
54%
Sierra Leone
54%
Albanie
53%
Bhoutan
53%
Lesotho
53%
Bangladesh
52%
Somalie
52%
Tadjikistan
52%
Viêt Nam
52%
Haïti
51%
Kosovo
51%
Macédoine du Nord
51%
Monténégro
51%
Nouvelle-Zélande
51%
Salvador
51%
Eswatini
49%
Papouasie-Nouvelle-Guinée
49%
Arménie
48%
Jordanie
47%
Rwanda
47%
Syrie
47%
Gambie
46%
Géorgie
46%
Estonie
45%
Jamaïque
45%
Sri Lanka
45%
Azerbaïdjan
43%
Bahamas
43%
Cambodge
43%
Luxembourg
43%
Burundi
42%
Guinée Équatoriale
42%
Palaos
41%
Seychelles
41%
République Dominicaine
40%
Cap-Vert
39%
Maurice
39%
Comores
38%
Israël
38%
Kiribati
38%
Tuvalu
38%
Malaisie
37%
Taïwan
37%
Belize
36%
Djibouti
36%
Qatar
36%
États Fédérés de Micronésie
34%
Malte
34%
Chypre
33%
Émirats Arabes Unis
31%
Nauru
31%
Fidji
30%
Îles Salomon
28%
Samoa
28%
Sao Tomé-et-Principe
28%
Îles Marshall
27%
Maldives
27%
Vanuatu
24%
Liban
23%
Koweït
22%
Tonga
20%
Timor Oriental
13%
Trinité-et-Tobago
11%

Distribution des résultats

Percentile par nombre de réponses

% des personnes avec chaque résultat

Votre développement - résultats

Vous n’avez pas pris ce quiz